000 01045nam a2200229 4500
999 _c96344
_d96344
003 NALT
005 20221124114932.0
008 190918b th ||||| |||| 00| 0 tha d
020 _a9786165145909
040 _aNALT
050 _aDS 577
_bส962ก 2561
100 0 _aแสงเพชร
_942081
245 1 0 _aเกร็ดประวัติศาสตร์บนแผ่นดินอยุธยา /
_cแสงเพชร.
260 _aกรุงเทพฯ :
_bมงคลสยาม,
_c2561.
300 _a192 หน้า :
_bภาพประกอบ ;
_c21 ซม.
651 4 _96445
_aไทย
_xประวัติศาสตร์
_yกรุงศรีอยุธยา, 1893-2310
651 0 _aไทย
_xความเป็นอยู่และประเพณี
_97234
850 _aNALT
942 _cGB
_2lcc
998 _abijaya
_bphon
_cphon
_j909
_k นางสาวสุพัณดา สุภาพ